<?xml version="1.0" encoding="UTF-8"?>
<record
    xmlns:xsi="http://www.w3.org/2001/XMLSchema-instance"
    xsi:schemaLocation="http://www.loc.gov/MARC21/slim http://www.loc.gov/standards/marcxml/schema/MARC21slim.xsd"
    xmlns="http://www.loc.gov/MARC21/slim">

  <leader>01205nam a22002297a 4500</leader>
  <controlfield tag="003">OSt</controlfield>
  <controlfield tag="005">20230202133610.0</controlfield>
  <controlfield tag="008">221006b        |||||||| |||| 00| 0 eng d</controlfield>
  <datafield tag="020" ind1=" " ind2=" ">
    <subfield code="a">978 9968 589 15 4</subfield>
  </datafield>
  <datafield tag="040" ind1=" " ind2=" ">
    <subfield code="c">Biblioteca Lado V</subfield>
  </datafield>
  <datafield tag="082" ind1=" " ind2=" ">
    <subfield code="a">704.942.8</subfield>
    <subfield code="b">G9347d</subfield>
  </datafield>
  <datafield tag="100" ind1=" " ind2=" ">
    <subfield code="e">autor</subfield>
  </datafield>
  <datafield tag="245" ind1=" " ind2=" ">
    <subfield code="a">Detr&#xE1;s del port&#xF3;n rojo/</subfield>
    <subfield code="b">Una visi&#xF3;n de la erotica en el arte costarricense/</subfield>
  </datafield>
  <datafield tag="250" ind1=" " ind2=" ">
    <subfield code="a">1 edicion</subfield>
  </datafield>
  <datafield tag="260" ind1=" " ind2=" ">
    <subfield code="a">Costa Rica</subfield>
    <subfield code="b">Museo de Arte Costarricense</subfield>
    <subfield code="c">2019</subfield>
  </datafield>
  <datafield tag="300" ind1=" " ind2=" ">
    <subfield code="c">28x22cm</subfield>
    <subfield code="a">150p.</subfield>
  </datafield>
  <datafield tag="505" ind1=" " ind2=" ">
    <subfield code="t">Prologo </subfield>
    <subfield code="t">Detr&#xE1;s del port&#xF3;n rojo </subfield>
    <subfield code="t">Cronicas del Deseo</subfield>
    <subfield code="t">El port&#xF3;n quedo abierto y Eros sali&#xF3; a jugar </subfield>
    <subfield code="t">Las cicatrices del fallo moral</subfield>
    <subfield code="t">Voluptuosidades de la tierra</subfield>
    <subfield code="t">El jard&#xED;n de los frutos exquisitos</subfield>
    <subfield code="t">Lo divino...aspecto fascinante de lo prohibido</subfield>
    <subfield code="t">Resplandores de lo torcido</subfield>
    <subfield code="t">Orillas del goce y de lo inquietante</subfield>
    <subfield code="t">Erotica en el espacio publico oficial </subfield>
    <subfield code="t">Documentos Anexos</subfield>
    <subfield code="t">Salas</subfield>
    <subfield code="t">Agradecimientos</subfield>
    <subfield code="t">Cr&#xE9;ditos Institucionales </subfield>
  </datafield>
  <datafield tag="650" ind1=" " ind2="0">
    <subfield code="2">Tesauro de Arte &amp; Arquitectura</subfield>
    <subfield code="a">ARTE EROTICO</subfield>
    <subfield code="9">702</subfield>
  </datafield>
  <datafield tag="650" ind1=" " ind2=" ">
    <subfield code="2">Tesauro de Arte &amp; Arquitectura</subfield>
    <subfield code="a">EXPOSICIONES</subfield>
    <subfield code="9">702</subfield>
  </datafield>
  <datafield tag="650" ind1=" " ind2=" ">
    <subfield code="2">Tesauro de Arte &amp; Arquitectura</subfield>
    <subfield code="a">COSTA RICA</subfield>
    <subfield code="9">702</subfield>
  </datafield>
  <datafield tag="942" ind1=" " ind2=" ">
    <subfield code="2">ddc</subfield>
    <subfield code="c">1</subfield>
    <subfield code="h">704.942.8</subfield>
    <subfield code="i">G9347d</subfield>
    <subfield code="n">0</subfield>
  </datafield>
  <datafield tag="999" ind1=" " ind2=" ">
    <subfield code="c">3045</subfield>
    <subfield code="d">3045</subfield>
  </datafield>
  <datafield tag="952" ind1=" " ind2=" ">
    <subfield code="0">0</subfield>
    <subfield code="1">0</subfield>
    <subfield code="2">ddc</subfield>
    <subfield code="4">0</subfield>
    <subfield code="7">0</subfield>
    <subfield code="a">LV</subfield>
    <subfield code="b">LV</subfield>
    <subfield code="d">2023-02-02</subfield>
    <subfield code="i">005155</subfield>
    <subfield code="l">0</subfield>
    <subfield code="o">704.942.8 G9347d</subfield>
    <subfield code="p">005155</subfield>
    <subfield code="r">2023-02-02 00:00:00</subfield>
    <subfield code="w">2023-02-02</subfield>
    <subfield code="y">1</subfield>
  </datafield>
</record>
